000 00244nam a2200097Ia 4500
001 1100471
005 20250827003240.0
008 250824s9999 xx 000 0 und d
245 0 _aBABAMIN ŞARKISI
_cİSMAİL ÖZEN
260 _bKETEBE YAYINLARI
999 _c1100471
_d1100471